Social Networking for Sharing Cloud Resources (Record no. 12237)

000 -LEADER
fixed length control field 00481nam a2200145 4500
082 ## - DEWEY DECIMAL CLASSIFICATION NUMBER
Classification number PhD-IT ZAH
100 ## - MAIN ENTRY--PERSONAL NAME
Personal name Zahra Ali
9 (RLIN) 106842
245 ## - TITLE STATEMENT
Title Social Networking for Sharing Cloud Resources
260 ## - PUBLICATION, DISTRIBUTION, ETC.
Place of publication, distribution, etc. Islamabad
Name of publisher, distributor, etc. Nust School of Electrical Engineering and Computer Science
Date of publication, distribution, etc. 2013
300 ## - PHYSICAL DESCRIPTION
Extent 126 P
Accompanying material CD_ROM
500 ## - GENERAL NOTE
General note Supervisor;Dr.Peter Bloodsworth
700 ## - ADDED ENTRY--PERSONAL NAME
Personal name Zahra Ali
9 (RLIN) 106842
856 ## - ELECTRONIC LOCATION AND ACCESS
Uniform Resource Identifier <a href="http://10.250.8.41:8080/xmlui/handle/123456789/32214">http://10.250.8.41:8080/xmlui/handle/123456789/32214</a>
942 ## - ADDED ENTRY ELEMENTS (KOHA)
Koha item type Project Report
Source of classification or shelving scheme
Holdings
Withdrawn status Lost status Damaged status Not for loan Collection code Permanent Location Current Location Date acquired Total Checkouts Full call number Barcode Date last seen Price effective from Koha item type Source of classification or shelving scheme Shelving location
          Central Library (CL) Central Library (CL) 12/16/2013   PhD-IT ZAH SEECSP01279 12/16/2013 12/16/2013 Project Report    
          Central Library (CL) Central Library (CL) 12/09/2019   004PhD-IT ZAH CL-T-4114 12/09/2019 12/09/2019 Thesis   Thesis
© 2023 Central Library, National University of Sciences and Technology. All Rights Reserved.